01508nam a2200241Ia 4500001000600000003000900006008004100015040001300056040001300069041001300082100001500095100002900110245007600139245007600215250001100291260003300302260001100335260004900346300005700395500076200452650002101214650003101235A6945IT-RoPAU130308s9999 xx 000 0 und d aIT-RoPAU cIT-RoPAU aITALIANO aCirio Rita gCodice Aut. SPICS: 7996 aMestiere dell'attore (Il)-La pratica artistica e i luoghi di formazione bMestiere dell'attore (Il)-La Pratica Artistica e I luoghi di Formazione a1a ed. aCITTA' DI castello (PERUGIA) bMarcon c1992 [1° Ed.:1992 - Ed.Ling.Originale:1992] a"160 p. (prefazione: no ; testo: 160 [pagine: 0-0])" aColloquio con Vittorio Gassman su vari temi Riguardanti L'Attore: Parola, Vocazione, Accademia, Maestri, Corpo, Debutto, Compagnie, Critici, Pericolidel Mestiere, Gesto, Scuole, insegnare a Recitare, Teorie, Difetti e Pregidegli Attori, Attore di Cinema, Memoria, Pubblico, Paura, Registi, Comicità, Personaggio, Teatro Popolare. Colloquio con Bernard Dort Sui Temi: Attori Stranieri e Italiani, Difetti degli Attori, Isteria, Attore/Regista, Conservatorio, saper Leggere un testo , Ammissione al Coneservatorio, Agenzia di Collocamento, Stanislavskij e Brecht, Actors' Studio, Scuole di Teatro e Laboratori, Bunuel e Krejca, Corpo, Responsabilità Sociale dell'Attore, Davanti e Dietro le Quinte. Formazione dell'attore in Inghilterra, Francia e Italia. aTECNICA TEATRALE eCodice materia Spics: 8402